| 000 | 00712nam a22002297a 4500 | ||
|---|---|---|---|
| 003 | OSt | ||
| 005 | 20210208101328.0 | ||
| 008 | 210208s1969 ||||| |||| 00| 0 eng d | ||
| 020 | _a720472008 | ||
| 020 | _a720472040 | ||
| 040 |
_aeng _beng _cDLC |
||
| 041 | _aeng | ||
| 080 |
_a616.8 _bV-69 |
||
| 100 |
_9806 _aVinken, J., P. _eEditor |
||
| 245 |
_aHandbook of Clinical Neurology: Volume 4 _b: Disorders of Speech, Perception and Symbolic Behaviour _c/ by: Elsevier Publishing CO., Inc |
||
| 260 |
_aNew York _bElsevier Publishing CO., Inc _c1969 |
||
| 300 |
_a481 p. _bill. |
||
| 650 | 0 |
_9100 _aNeurology |
|
| 653 | _aნევროლოგია | ||
| 700 |
_9807 _aBruyn, W., G. _eEditor |
||
| 942 |
_2udc _cBK |
||
| 999 |
_c1262 _d1262 |
||